000 00611nam a2200241Ia 4500
003 0100
008 130303s9999 xx 000 0 und d
040 _cARRUPELIB
050 _aLB475.L6J4
100 _aJeffreys, Montagu Vaughan Castelman
245 _aJohn Locke
245 _bprophet of common sense
260 _aLondon
260 _bMethuen and Co.
260 _C1967
300 _a120p.
300 _b 20cm.
440 _aEducation Paperbacks
650 _bSpiritual life
650 _cTypology(Psychology)-Religious aspects
650 _dMyers-Briggs Type Indicator
942 _2lcc
_08
999 _c64005
_d64005